Tekst ''Ody do radości'' - Statystyki

Ogólne statystyki
  • Ten quiz został rozwiązany 351 razy
  • Średni wynik to 68 z 176
Statystyki odpowiedzi
Tekst % Poprawnych
O,
100%
i
98%
Radość
97%
radość
97%
bogów,
93%
Elizejskich
93%
iskro
93%
na
91%
Pól,
90%
radości,
89%
Radości
89%
z
88%
Z
88%
w
87%
kwiecie
85%
świętym
82%
nas,
81%
święta,
81%
twym
81%
próg.
80%
natchniony
76%
progu
76%
nasz
74%
twój
70%
co
69%
będą
68%
staje
68%
Wszyscy
68%
wszystko
68%
braćmi
67%
ja
67%
ludzie
67%
ludzie,
67%
chór.
65%
los.
65%
rozdzielił
65%
zaćmi,
65%
złączy,
65%
twoja
64%
tam,
60%
tam.
60%
tam!
60%
gdzie
59%
głos.
58%
Jasność
58%
przemówi
56%
ty.
42%
świat.
37%
nie
36%
tak
34%
jak
31%
Ona
29%
ona
29%
Patrz,
29%
patrz:
29%
słońce
28%
bracie,
26%
Bracie,
26%
skry,
26%
wielkie
26%
ziemi,
26%
złote
26%
biegnie
25%
biegnij,
25%
bohater,
25%
zwycięzca,
25%
sypiąc
24%
cały
23%
sercu,
23%
czerpie,
22%
ludzkich
22%
niej
22%
rąk,
22%
robak
22%
światem
22%
tryska
22%
wam:
22%
gwiazd,
21%
śpiewie,
21%
splocie
21%
zbożu,
21%
gwiaździstym
20%
niosę
20%
wszędzie,
20%
Dziś
19%
firmamencie
19%
najlichszy
19%
nowinę
19%
piersi
19%
wchodzi
19%
Wstańcie,
19%
wstańcie
19%
złoty
18%
wstępujemy
17%
krąg.
16%
wchodzimy,
16%
pije
15%
miłość
13%
miłość,
13%
pod
12%
stanie
12%
wielką
12%
tu,
11%
Kto
10%
kto
10%
Ale
9%
najwyższy
9%
nami
9%
ten
9%
ten,
9%
tutaj
9%
zna,
9%
czas.
8%
niebios
8%
niech
8%
raz.
8%
jedną
7%
mieszka
7%
mógł.
7%
pośród
7%
przyjaciel,
7%
znalazł,
7%
choćby
6%
duszę
6%
miłości
6%
zaraz
6%
namiotem
5%
rozpłomienić
5%
dzieli
4%
jeszcze
4%
całą
3%
ludzkość
3%
niezmierzona
3%
ramiona
3%
ucałuj
3%
weź
3%
skarb.
1%
Nie znaleziono quizów pasujących do podanych kryteriów
Rozkład punktacji
Procent ludzi z każdym wynikiem
Percentyl według liczby udzielonych odpowiedzi
Twoja historia wyników
Nie rozwiązałeś tego quizu